¡Cambiamos por favor! : diario del taller de dibujo de Gilberto Aceves Navarro /

Gilberto Aceves Navarro (Ciudad de México, 1931), artista plástico mexicano. Estudió en la Escuela Nacional de Pintura, Escultura y Grabado “La Esmeralda”. Trabajó con David Alfaro Sequeiros en la realización de los murales de la rectoría de la Universidad Nacional Autónoma de México (1952) y con Lu...

詳細記述

保存先:
書誌詳細
第一著者: Martínez Fernández, Maritere (autor)
その他の著者: Aceves Navarro, Gilberto (prólogo) (prólogo)
フォーマット: 図書
言語:スペイン語
出版事項: México : CONACULTA, 2003, c2003
シリーズ:(Arte e Imagen)
主題:
タグ: タグ追加
タグなし, このレコードへの初めてのタグを付けませんか!

MARC

LEADER 00000nam^a2200000^a^4500
001 000167999
005 20250521000000.0
009 20260310101147.839
020 |a 970-35-0157-5 
037 |a Acervo ITESO - Biblioteca 
041 |a ESP 
082 |a 750. 7  |b MAR 
100 |a Martínez Fernández, Maritere  |e (autor) 
245 1 0 |a ¡Cambiamos por favor! :  |b diario del taller de dibujo de Gilberto Aceves Navarro /  |c M. Martínez Fernández ; pról. de G. Aceves Navarro. 
264 4 |a México :  |b CONACULTA,  |c 2003, c2003 
300 |a 365 p. 
336 |a texto  |b txt  |2 rdacontenido 
337 |a sin mediación  |b n  |2 rdamedio 
338 |a volumen  |b nc  |2 rdasoporte 
440 1 |a (Arte e Imagen) 
520 |a Gilberto Aceves Navarro (Ciudad de México, 1931), artista plástico mexicano. Estudió en la Escuela Nacional de Pintura, Escultura y Grabado “La Esmeralda”. Trabajó con David Alfaro Sequeiros en la realización de los murales de la rectoría de la Universidad Nacional Autónoma de México (1952) y con Luis Arenal en los del Palacio de Gobierno de Chilpancingo (1953). Ha desarrollado una importante labor docente, en el Instituto de Intercambio Cultural Mexicano Norteamericano en Los Angeles, California (1957-1961), en la Escuela Nacional de Artes Plásticas, Academia de San Carlos de la UNAM (desde 1971) y en su taller (desde 1998). Creador multifacético, ha practicado múltiples técnicas y manifestaciones artísticas, entre las que se cuentan la pintura (de caballete y mural), el dibujo, la escultura, la escenografía, etcétera; es autor más de doce murales en distintos países, incluidos Canto a la Raza (Ciudad de México, 1960) y Danzas de la vida y de la muerte (Ciudad de México, 1961). Ha montado múltiples exposiciones individuales en México y en Estados Unidos. Entre otros reconocimientos, su obra ha sido seleccionada para las bienales de París (1961,1963 y 1965), de Tokio (1962) y de México (1960 y 1962); entre otros, ha recibido los premios de la Bienal Cagnes Sur Mer (Francia, 1989), Bienal de Dibujo Domecq (Museo Carrillo Gil, México, 1980), Salón de la Plástica Mexicana (1964, 1970, 1971) y el Premio Nuevos Valores de la Plástica, Salón de la Plástica Mexicana (1956). 
649 |a XX 
650 |a Pintores Mexicanos 
650 |a Artistas Mexicanos 
650 |a Dibujo -  |z México (Ciudad) -  |x Estudio y Enseñanza 
650 |a Pintura -  |z México (Ciudad) -  |x Estudio y Enseñanza 
650 |a Arte -  |z México (Ciudad) -  |x Estudio y Enseñanza 
650 |a Talleres Educativos -  |z México (Ciudad) 
650 |a Proceso Educativo -  |z México (Ciudad) 
650 |a Educación -  |z México (Ciudad) 
650 |a Aceves Navarro, Gilberto 
700 |a Aceves Navarro, Gilberto  |e (prólogo) 
910 |a Fondo General 
920 |a Impresos - Libros 
930 |a Reserva Especial 
905 |a 103 
901 |a 0500103907  |b IT1  |c REE  |u 20250521 
902 |a https://opac.biblio.iteso.mx/vufind/Record/000167999